[Event "FRA-chT Top 12 (Women) GpA"]
[Site "Mulhouse"]
[Date "2016.05.05"]
[Round "1.3"]
[White "Marchais, Aurelie"]
[Black "Leclair, Marie"]
[Result "1-0"]
[WhiteElo "1782"]
[BlackElo "1953"]
[PlyCount "109"]
[EventDate "2016.05.05"]
[EventType "team-tourn"]
[EventRounds "5"]
[EventCountry "FRA"]
[SourceTitle "CBM 172 Extra"]
[Source "ChessBase"]
[SourceDate "2016.06.21"]
[SourceVersion "1"]
[SourceVersionDate "2016.06.21"]
[SourceQuality "1"]
[WhiteTeam "Poitiers Migne (W)"]
[BlackTeam "Vandoeuvre (W)"]
[WhiteTeamCountry "FRA"]
[BlackTeamCountry "FRA"]

1. d4 Nf6 2. Nf3 g6 3. Bg5 Bg7 4. Nbd2 0-0 5. e4 d5 6. e5 Ne4 7. Bh4 c5 8. c3 Nc6 9. Bd3 Nxd2 10. Qxd2 cxd4 11. cxd4 Qb6 12. Be2 Bf5 13. 0-0 Rac8 14. Rac1 Rfe8 15. Rfd1 f6 16. Bg3 Be4 17. Rc5 a6 18. Rdc1 Rcd8 19. Bd1 Kh8 20. Ba4 Bxf3 21. gxf3 fxe5 22. Bxc6 bxc6 23. Bxe5 Bxe5 24. dxe5 Qb8 25. f4 Qc8 26. Qd3 Qg4+ 27. Qg3 Qe2 28. R1c2 Qe1+ 29. Kg2 d4 30. Qd3 Rf8 31. Rxc6 Rxf4 32. Rc8 Rxc8 33. Rxc8+ Kg7 34. Rc2 Qxe5 35. Re2 Rg4+ 36. Kf1 Qd6 37. Qf3 Rh4 38. Qg3 Rh5 39. Qxd6 exd6 40. Re6 Rd5 41. Ke2 Kf7 42. Re4 Re5 43. Kd3 Ke6 44. Kxd4 Kf5 45. Rxe5+ dxe5+ 46. Ke3 Kg4 47. b4 Kh3 48. a4 Kxh2 49. b5 h5 50. bxa6 h4 51. a7 h3 52. a8Q Kg1 53. Qf3 h2 54. Qg3+ Kh1 55. Ke2 1-0

[Event "FRA-chT Top 16 Gp Basse"]
[Site "Le Port Marly"]
[Date "2009.05.30"]
[Round "10"]
[White "Leclair, Marie"]
[Black "Lefevre, Margaux"]
[Result "1/2-1/2"]
[WhiteElo "1987"]
[BlackElo "2021"]
[PlyCount "55"]
[EventDate "2009.05.28"]
[EventType "team-tourn"]
[EventRounds "11"]
[EventCountry "FRA"]
[SourceTitle "CBM 130 Extra"]
[Source "ChessBase"]
[SourceDate "2009.07.02"]
[SourceVersion "2"]
[SourceVersionDate "2009.07.15"]
[SourceQuality "1"]

1. e4 c5 2. Nf3 Nc6 3. d4 cxd4 4. Nxd4 Nf6 5. Nc3 d6 6. Be2 e5 7. Nb3 Be7 8. 0-0 0-0 9. f4 a5 10. a4 Nb4 11. Kh1 exf4 12. Bxf4 d5 13. e5 Ne4 14. Nxe4 dxe4 15. Nd4 Bc5 16. c3 Bxd4 17. cxd4 Be6 18. Ra3 Rc8 19. Rg3 Kh8 20. Bg5 Qb6 21. Be7 Rfe8 22. Bc5 Rxc5 23. dxc5 Qxc5 24. Bb5 Ra8 25. Qd6 Qc2 26. Qe7 Qc8 27. Qg5 Qf8 28. Re3 1/2-1/2

[Event "FRA-chT Top 16 GpB"]
[Site "France"]
[Date "2009.05.02"]
[Round "6"]
[White "Leclair, Marie"]
[Black "Haussernot, Cecile"]
[Result "1-0"]
[WhiteElo "1987"]
[BlackElo "1924"]
[PlyCount "69"]
[EventDate "2009.03.20"]
[EventType "team"]
[EventRounds "7"]
[EventCountry "FRA"]
[SourceTitle "CBM 129 Extra"]
[Source "ChessBase"]
[SourceDate "2009.05.05"]
[SourceVersion "2"]
[SourceVersionDate "2009.05.20"]
[SourceQuality "1"]

1. e4 c5 2. Nf3 d6 3. d4 cxd4 4. Nxd4 Nf6 5. Nc3 a6 6. Be2 e5 7. Nb3 Be6 8. 0-0 Be7 9. Kh1 0-0 10. f4 Qc7 11. f5 Bc4 12. g4 Rd8 13. g5 Ne8 14. Bxc4 Qxc4 15. Be3 b5 16. Qf3 Nd7 17. Nd5 Bf8 18. c3 a5 19. Nd2 Qd3 20. f6 g6 21. h4 h5 22. gxh6 Kh7 23. h5 Ndxf6 24. Nxf6+ Nxf6 25. Qxf6 Bxh6 26. Qxf7+ Kh8 27. Qf6+ Bg7 28. Qg5 Rd7 29. hxg6 d5 30. Qh5+ Bh6 31. Qxh6+ Kg8 32. Rf7 Rxf7 33. gxf7+ Kxf7 34. Rf1+ Ke7 35. Qg7+ 1-0

[Event "FRA-chT Top 16 GpB"]
[Site "France"]
[Date "2009.03.21"]
[Round "2"]
[White "Leclair, Marie"]
[Black "Nicoara, Malina"]
[Result "0-1"]
[WhiteElo "1987"]
[BlackElo "2163"]
[PlyCount "134"]
[EventDate "2009.03.20"]
[EventType "team"]
[EventRounds "7"]
[EventCountry "FRA"]
[SourceTitle "CBM 129 Extra"]
[Source "ChessBase"]
[SourceDate "2009.05.05"]
[SourceVersion "2"]
[SourceVersionDate "2009.05.20"]
[SourceQuality "1"]

1. e4 c5 2. Nf3 Nc6 3. d4 cxd4 4. Nxd4 g6 5. c4 Bg7 6. Be3 Nf6 7. Nc3 d6 8. Be2 0-0 9. 0-0 Bd7 10. Rc1 Nxd4 11. Bxd4 Bc6 12. Qd3 Nd7 13. Bxg7 Kxg7 14. b4 b6 15. f4 a6 16. Kh1 Ra7 17. a3 Qa8 18. Bf3 f6 19. Ne2 e5 20. Qxd6 Bxe4 21. fxe5 Bxf3 22. Rxf3 Nxe5 23. Rh3 Qd8 24. Qxd8 Rxd8 25. Rhc3 Rad7 26. h3 Nd3 27. Rf1 g5 28. Ng3 Kg6 29. Rc2 h5 30. Kg1 h4 31. Ne4 f5 32. Nf2 Nf4 33. c5 bxc5 34. bxc5 Rc8 35. c6 Rd6 36. Rfc1 Rc7 37. Kf1 Kf6 38. Rc5 Nd5 39. Ra5 Ne3+ 40. Ke2 Nxg2 41. Rxa6 Nf4+ 42. Kf1 Ng6 43. Ke2 Ne5 44. Rf1 Ke6 45. Rg1 Kf6 46. Rf1 Rdxc6 47. Rxc6+ Rxc6 48. Ng4+ Ke6 49. Nxe5 Kxe5 50. Rf3 g4 51. hxg4 fxg4 52. Rf8 Ra6 53. Kf2 Rf6+ 54. Rxf6 Kxf6 55. Ke3 Ke5 56. a4 Kd5 57. Kf4 g3 58. Kf3 Kc5 59. Kg2 Kb4 60. a5 Kxa5 61. Kh3 Kb4 62. Kg2 Kc3 63. Kf3 Kd3 64. Kg2 Ke3 65. Kg1 Kf3 66. Kh1 g2+ 67. Kg1 h3 0-1

[Event "FRA-chT Top 16 GpB"]
[Site "France"]
[Date "2008.03.24"]
[Round "3"]
[White "Leclair, Marie"]
[Black "Leconte, Maria"]
[Result "0-1"]
[WhiteElo "1974"]
[BlackElo "2345"]
[PlyCount "84"]
[EventDate "2008.03.22"]
[EventType "team"]
[EventRounds "7"]
[EventCountry "FRA"]
[SourceTitle "CBM 123 Extra"]
[Source "ChessBase"]
[SourceDate "2008.05.06"]
[SourceVersion "1"]
[SourceVersionDate "2008.05.06"]
[SourceQuality "1"]

1. e4 e6 2. d4 d5 3. Nd2 Nc6 4. Ngf3 Nf6 5. e5 Nd7 6. c3 f6 7. Bd3 fxe5 8. Nxe5 Ndxe5 9. dxe5 Nxe5 10. Qh5+ Nf7 11. 0-0 g6 12. Qe2 Bg7 13. Nf3 0-0 14. Be3 e5 15. Bc2 e4 16. Nd2 Ne5 17. Bb3 Kh8 18. Rad1 Bg4 19. f3 exf3 20. Nxf3 c6 21. Bd4 Bxf3 22. gxf3 Qg5+ 23. Qg2 Qf4 24. Rde1 Nxf3+ 25. Rxf3 Bxd4+ 26. Kh1 Qxf3 27. Qxf3 Rxf3 28. cxd4 Rf4 29. Re7 Rxd4 30. Rxb7 Rd2 31. Re7 Rxb2 32. Kg1 a5 33. Ba4 Rxa2 34. Bxc6 Rd8 35. h4 d4 36. Kf1 d3 37. Re1 Rf8+ 38. Kg1 d2 39. Rd1 Rc2 40. Ba4 Rc1 41. Kg2 Rxd1 42. Bxd1 Re8 0-1

[Event "FRA-chT Top 16 GpB"]
[Site "France"]
[Date "2008.03.22"]
[Round "1"]
[White "Leclair, Marie"]
[Black "Lallemand, Roza"]
[Result "0-1"]
[WhiteElo "1974"]
[BlackElo "2246"]
[PlyCount "54"]
[EventDate "2008.03.22"]
[EventType "team"]
[EventRounds "7"]
[EventCountry "FRA"]
[SourceTitle "CBM 123 Extra"]
[Source "ChessBase"]
[SourceDate "2008.05.06"]
[SourceVersion "1"]
[SourceVersionDate "2008.05.06"]
[SourceQuality "1"]

1. e4 c5 2. Nf3 e6 3. d4 cxd4 4. Nxd4 Nc6 5. Nc3 a6 6. Be2 Qc7 7. a4 Nf6 8. 0-0 h5 9. Nxc6 dxc6 10. Qd4 Bd6 11. f4 e5 12. Qf2 exf4 13. Bxf4 Bxf4 14. Qxf4 Qxf4 15. Rxf4 Nd7 16. a5 Ne5 17. Na4 Be6 18. Nc5 0-0-0 19. Rf2 h4 20. Ra4 Bg4 21. Rb4 Bxe2 22. Rxe2 Rd1+ 23. Kf2 Ng4+ 24. Kf3 Nxh2+ 25. Ke3 h3 26. Nxb7 Nf1+ 27. Kf4 h2 0-1

[Event "FRA-chT Top 16 GpB"]
[Site "France"]
[Date "2007.05.02"]
[Round "7.8"]
[White "Leclair, Marie"]
[Black "Milliet, Sophie"]
[Result "0-1"]
[WhiteElo "2024"]
[BlackElo "2393"]
[PlyCount "68"]
[EventDate "2007.02.09"]
[EventType "team"]
[EventRounds "11"]
[EventCountry "FRA"]
[SourceTitle "EXT 2008"]
[Source "ChessBase"]
[SourceDate "2007.11.25"]
[SourceVersion "1"]
[SourceVersionDate "2007.11.25"]
[SourceQuality "1"]
[WhiteTeam "Metz Fischer"]
[BlackTeam "Clichy"]
[WhiteTeamCountry "FRA"]
[BlackTeamCountry "FRA"]

1. e4 c5 2. Nf3 e6 3. d4 cxd4 4. Nxd4 Nc6 5. Nc3 Qc7 6. Be2 a6 7. a3 Nf6 8. Nxc6 bxc6 9. 0-0 d5 10. Bf3 Bd6 11. h3 0-0 12. Re1 a5 13. Be3 Ba6 14. Na4 c5 15. exd5 exd5 16. Bg5 Ne4 17. Bxe4 dxe4 18. Nc3 f5 19. Nd5 Qb7 20. Bf4 Rad8 21. Bg5 Rd7 22. Qd2 h6 23. Bh4 Bc4 24. Rad1 Qxd5 25. Qxd5+ Bxd5 26. Rxd5 Bh2+ 27. Kxh2 Rxd5 28. Kg1 g5 29. Bg3 f4 30. Bh2 Rfd8 31. Kf1 Rd1 32. Bg1 R8d2 33. f3 e3 34. Bxe3 Rxe1+ 0-1

[Event "FRA-chT Top 16 GpB"]
[Site "France"]
[Date "2007.04.29"]
[Round "4.7"]
[White "Leclair, Marie"]
[Black "Manouck, Thierry"]
[Result "0-1"]
[WhiteElo "2024"]
[BlackElo "2344"]
[PlyCount "64"]
[EventDate "2007.02.09"]
[EventType "team"]
[EventRounds "11"]
[EventCountry "FRA"]
[SourceTitle "EXT 2008"]
[Source "ChessBase"]
[SourceDate "2007.11.25"]
[SourceVersion "1"]
[SourceVersionDate "2007.11.25"]
[SourceQuality "1"]
[WhiteTeam "Metz Fischer"]
[BlackTeam "Paris Chess 15"]
[WhiteTeamCountry "FRA"]
[BlackTeamCountry "FRA"]

1. e4 d6 2. d4 Nf6 3. Nc3 Nbd7 4. Nf3 e5 5. Bc4 Be7 6. 0-0 0-0 7. Re1 c6 8. a4 a5 9. h3 h6 10. Ba2 Re8 11. Be3 Qc7 12. Nh4 Nf8 13. Qf3 exd4 14. Bxd4 Ne6 15. Bxe6 Bxe6 16. Nf5 Bxf5 17. Qxf5 Nd7 18. Rad1 Bf6 19. Bxf6 Nxf6 20. Re3 Re5 21. Qf3 Rae8 22. Qe2 R5e6 23. b3 Qb6 24. Rdd3 Qb4 25. Na2 Qc5 26. Nc3 Kf8 27. Kh1 d5 28. exd5 Rxe3 29. Rxe3 Qxc3 30. Rxe8+ Nxe8 31. dxc6 bxc6 32. Qd3 Qe1+ 0-1

[Event "FRA-chT Top 16 GpB"]
[Site "France"]
[Date "2007.04.29"]
[Round "5.8"]
[White "Leclair, Marie"]
[Black "Wolfangel, Florence"]
[Result "1-0"]
[WhiteElo "2024"]
[BlackElo "1963"]
[PlyCount "75"]
[EventDate "2007.02.09"]
[EventType "team"]
[EventRounds "11"]
[EventCountry "FRA"]
[SourceTitle "EXT 2008"]
[Source "ChessBase"]
[SourceDate "2007.11.25"]
[SourceVersion "1"]
[SourceVersionDate "2007.11.25"]
[SourceQuality "1"]
[WhiteTeam "Metz Fischer"]
[BlackTeam "Drancy"]
[WhiteTeamCountry "FRA"]
[BlackTeamCountry "FRA"]

1. e4 e6 2. d4 d5 3. Nd2 Nf6 4. e5 Nfd7 5. f4 c5 6. c3 Nc6 7. Ndf3 a5 8. Bd3 a4 9. Ne2 a3 10. b3 cxd4 11. cxd4 Nb4 12. Bb1 g6 13. g4 Qa5 14. Kf2 b6 15. f5 Ba6 16. fxe6 fxe6 17. Nf4 0-0-0 18. Nxe6 Re8 19. Neg5 Nc6 20. Bd2 Qb5 21. Bc3 Ndxe5 22. dxe5 Qc5+ 23. Bd4 Nxd4 24. Qxd4 Qxd4+ 25. Nxd4 Bc5 26. Ngf3 Rxe5 27. Kg2 Re3 28. Rd1 Rf8 29. Rd2 Kb7 30. Bc2 Bb4 31. Rf2 Bc3 32. Rd1 Rf4 33. h3 Kc7 34. b4 Bxb4 35. Bb3 Bc4 36. Rc1 Bc3 37. Bxc4 dxc4 38. Rxc3 1-0

[Event "FRA-chT2b 0304"]
[Site "France"]
[Date "2004.04.04"]
[Round "11"]
[White "Hisleur, Gaelle"]
[Black "Leclair, Marie"]
[Result "1/2-1/2"]
[WhiteElo "1870"]
[BlackElo "1960"]
[PlyCount "92"]
[EventDate "2003.10.??"]
[EventType "team"]
[EventRounds "11"]
[EventCountry "FRA"]
[SourceTitle "EXT 2005"]
[Source "ChessBase"]
[SourceDate "2004.11.15"]
[SourceVersion "1"]
[SourceVersionDate "2004.11.15"]
[SourceQuality "1"]

1. e4 c5 2. Nc3 Nc6 3. g3 d6 4. Bg2 g6 5. d3 Bg7 6. f4 e6 7. Nf3 Nge7 8. 0-0 0-0 9. Ne2 b6 10. c3 Ba6 11. g4 Rc8 12. Ng3 b5 13. a3 Qc7 14. f5 d5 15. Ng5 exf5 16. exf5 Qd6 17. Bf4 Be5 18. Nh3 d4 19. Ne4 Qd8 20. Nxc5 dxc3 21. Bxe5 Nxe5 22. d4 cxb2 23. Rb1 Nc4 24. Nxa6 Qa5 25. Qe1 Qxa6 26. Qxe7 Nd2 27. Rxb2 Nxf1 28. Bxf1 Qb6 29. Qe3 Rfe8 30. Qf4 a6 31. Ng5 gxf5 32. gxf5 Qf6 33. Rg2 Kh8 34. Be2 Re7 35. Bh5 Rg8 36. Qh4 Qh6 37. Qg4 Rg7 38. h4 f6 39. Qf4 fxg5 40. Qf3 g4 41. Bxg4 Qxh4 42. Rg3 Rc7 43. f6 Rc1+ 44. Kf2 Qh2+ 45. Rg2 Qh4+ 46. Rg3 Qh2+ 1/2-1/2

[Event "FRA-chT2"]
[Site "France"]
[Date "2001.10.??"]
[Round "1"]
[White "Marx, Lea"]
[Black "Leclair, Marie"]
[Result "1-0"]
[WhiteElo "1730"]
[BlackElo "1920"]
[PlyCount "65"]
[EventDate "2002.??.??"]
[EventType "team"]
[EventRounds "11"]
[EventCountry "FRA"]
[SourceTitle "EXT 2003"]
[Source "ChessBase"]
[SourceDate "2002.11.25"]
[SourceVersion "1"]
[SourceVersionDate "2002.11.25"]
[SourceQuality "1"]

1. d4 d5 2. c4 e6 3. Nc3 c5 4. e3 Nf6 5. Nf3 Nc6 6. Be2 cxd4 7. exd4 Be7 8. 0-0 0-0 9. Bf4 dxc4 10. Bxc4 Nd5 11. Nxd5 exd5 12. Bb5 Qb6 13. Bxc6 bxc6 14. Qc2 c5 15. Rfe1 Bf6 16. dxc5 Qxb2 17. Qxb2 Bxb2 18. Rab1 Bc3 19. Rec1 Bf6 20. c6 Ba6 21. c7 Rac8 22. Rb8 Rfe8 23. h3 h6 24. Rd1 Bc4 25. a3 Bc3 26. Nd4 g5 27. Bg3 Bxd4 28. Rxd4 f5 29. Bd6 Kf7 30. Rd1 Ba2 31. Rxc8 Rxc8 32. Re1 Bc4 33. Re7+ 1-0

[Event "FRA-chT"]
[Site "France"]
[Date "2001.04.30"]
[Round "10.9"]
[White "Barakoff, Annie"]
[Black "Leclair, Marie"]
[Result "1/2-1/2"]
[WhiteElo "1740"]
[BlackElo "2032"]
[PlyCount "83"]
[EventDate "2001.02.02"]
[EventType "team"]
[EventRounds "11"]
[EventCountry "FRA"]
[SourceTitle "EXT 2002"]
[Source "ChessBase"]
[SourceDate "2001.11.25"]
[SourceVersion "1"]
[SourceVersionDate "2001.11.25"]
[SourceQuality "1"]
[WhiteTeam "Drancy"]
[BlackTeam "Bischwiller"]
[WhiteTeamCountry "FRA"]
[BlackTeamCountry "FRA"]

1. c4 e6 2. Nc3 d5 3. cxd5 exd5 4. d4 c5 5. Nf3 Nc6 6. g3 c4 7. Bg2 Bb4 8. 0-0 Nge7 9. a3 Ba5 10. Re1 Bf5 11. Bf4 0-0 12. b4 Bb6 13. Rc1 Rc8 14. Nb5 Qd7 15. Nd6 Ra8 16. e4 Bg4 17. Qd2 Bxf3 18. Bxf3 Nxd4 19. Bd1 Ne6 20. Nxc4 Nxf4 21. gxf4 Rfd8 22. Nxb6 axb6 23. Re3 dxe4 24. Qxd7 Rxd7 25. Rxe4 f5 26. Rec4 Rxa3 27. Be2 Rd2 28. Re1 Raa2 29. Bf1 Kf8 30. Rc7 Nc6 31. Bc4 Nd8 32. Bxa2 Rxa2 33. Rce7 Nc6 34. Rxb7 Nxb4 35. Rc1 Ra8 36. Rcc7 Nd5 37. Rf7+ Ke8 38. Rxf5 Nf6 39. Re5+ Kf8 40. Ree7 Nh5 41. Rf7+ Kg8 42. Rf5 1/2-1/2

[Event "FRA-chT"]
[Site "France"]
[Date "2001.03.29"]
[Round "4.9"]
[White "Sebag, Marie"]
[Black "Leclair, Marie"]
[Result "1-0"]
[WhiteElo "2298"]
[BlackElo "2032"]
[PlyCount "49"]
[EventDate "2001.02.02"]
[EventType "team"]
[EventRounds "11"]
[EventCountry "FRA"]
[SourceTitle "EXT 2002"]
[Source "ChessBase"]
[SourceDate "2001.11.25"]
[SourceVersion "1"]
[SourceVersionDate "2001.11.25"]
[SourceQuality "1"]
[WhiteTeam "Clichy"]
[BlackTeam "Bischwiller"]
[WhiteTeamCountry "FRA"]
[BlackTeamCountry "FRA"]

1. e4 c5 2. Nf3 Nc6 3. d4 cxd4 4. Nxd4 Nf6 5. Nc3 d6 6. Bg5 e6 7. Qd2 a6 8. 0-0-0 h6 9. Bf4 Bd7 10. Nxc6 Bxc6 11. f3 d5 12. Qe1 Bb4 13. a3 Be7 14. exd5 exd5 15. Ne2 0-0 16. Nd4 Re8 17. Qd2 Bf8 18. g4 Bd7 19. h4 Qb6 20. Be3 Qc7 21. g5 Qe5 22. Re1 hxg5 23. hxg5 Nh7 24. f4 Qe4 25. Bd3 1-0

[Event "Wch U20 Girls"]
[Site "Yerevan"]
[Date "2000.10.01"]
[Round "12"]
[White "Leclair, Marie"]
[Black "Batyte, Daiva"]
[Result "1/2-1/2"]
[WhiteElo "2050"]
[BlackElo "2164"]
[PlyCount "70"]
[EventDate "2000.09.02"]
[EventType "swiss"]
[EventRounds "13"]
[EventCountry "ARM"]
[SourceTitle "CBM 078 Extra"]
[Source "ChessBase"]
[SourceDate "2000.11.10"]
[SourceVersion "1"]
[SourceVersionDate "2000.11.10"]
[SourceQuality "1"]

1. e4 e6 2. d4 d5 3. Nd2 c5 4. exd5 exd5 5. Ngf3 Nf6 6. Bb5+ Bd7 7. Bxd7+ Nbxd7 8. 0-0 Be7 9. dxc5 Nxc5 10. Re1 0-0 11. Nd4 Nce4 12. Nxe4 dxe4 13. Nf5 Bc5 14. Be3 Qc8 15. Ng3 Rd8 16. Qe2 Bxe3 17. Qxe3 Qxc2 18. Nxe4 Nxe4 19. Qxe4 Qxb2 20. Reb1 Qf6 21. Qxb7 g6 22. g3 a5 23. a4 Ra6 24. Rd1 Rb6 25. Rxd8+ Qxd8 26. Qf3 Rb4 27. Rd1 Qb6 28. Rd7 Qe6 29. Rd8+ Kg7 30. Qc3+ f6 31. Rd4 Qe7 32. Qd3 Qe1+ 33. Kg2 f5 34. Rc4 Rxc4 35. Qxc4 Qd2 1/2-1/2

[Event "Wch U20 Girls"]
[Site "Yerevan"]
[Date "2000.09.22"]
[Round "4"]
[White "Minnaar, Michelle"]
[Black "Leclair, Marie"]
[Result "1/2-1/2"]
[WhiteElo "2062"]
[BlackElo "2050"]
[PlyCount "87"]
[EventDate "2000.09.02"]
[EventType "swiss"]
[EventRounds "13"]
[EventCountry "ARM"]
[SourceTitle "CBM 078 Extra"]
[Source "ChessBase"]
[SourceDate "2000.11.10"]
[SourceVersion "1"]
[SourceVersionDate "2000.11.10"]
[SourceQuality "1"]

1. d4 d5 2. Nf3 e6 3. c3 c5 4. Bf4 Nc6 5. e3 Nf6 6. Nbd2 Bd6 7. Bxd6 Qxd6 8. Bd3 0-0 9. 0-0 e5 10. dxe5 Nxe5 11. Nxe5 Qxe5 12. Re1 Rd8 13. Rc1 Bg4 14. f3 Bd7 15. Qe2 a6 16. e4 Bc6 17. Rcd1 b5 18. exd5 Qxe2 19. Bxe2 Bxd5 20. c4 Be6 21. cxb5 axb5 22. a3 c4 23. Nb1 Nd5 24. Kf2 Kf8 25. g3 Rdc8 26. Rc1 Rab8 27. Nc3 Nxc3 28. Rxc3 b4 29. axb4 Rxb4 30. Rc2 Rcb8 31. Rec1 Rxb2 32. Rxb2 Rxb2 33. Ke3 Rb4 34. Kd4 Ke7 35. h4 Kd6 36. Bxc4 f6 37. Kd3 Bxc4+ 38. Rxc4 Rxc4 39. Kxc4 Ke5 40. Kd3 g5 41. hxg5 fxg5 42. Ke3 h5 43. f4+ gxf4+ 44. gxf4+ 1/2-1/2

[Event "Budapest FS08 Elo-B"]
[Site "Budapest"]
[Date "2000.08.13"]
[Round "9"]
[White "Leclair, Marie"]
[Black "Antok, Daniel"]
[Result "1-0"]
[WhiteElo "2050"]
[BlackElo "2145"]
[PlyCount "79"]
[EventDate "2000.08.05"]
[EventType "tourn"]
[EventRounds "10"]
[EventCountry "HUN"]
[SourceTitle "CBM 077 Extra"]
[Source "ChessBase"]
[SourceDate "2000.09.14"]
[SourceVersion "1"]
[SourceVersionDate "2000.09.14"]
[SourceQuality "1"]

1. e4 c5 2. Nf3 d6 3. d4 cxd4 4. Nxd4 Nf6 5. Nc3 a6 6. Be2 e6 7. 0-0 Be7 8. Be3 0-0 9. f4 Nc6 10. Qe1 Nxd4 11. Bxd4 b5 12. a3 Bb7 13. Bf3 Qc7 14. Qg3 Rac8 15. e5 dxe5 16. fxe5 Nd7 17. Rf2 Bxf3 18. gxf3 f5 19. exf6 Qxg3+ 20. hxg3 gxf6 21. Rh2 Bd6 22. Kg2 Be5 23. Rd1 Rfd8 24. Rh4 Re8 25. Rd2 Bxd4 26. Rhxd4 Ne5 27. Ne4 Nc4 28. Nxf6+ Kf8 29. Nxh7+ Kg7 30. Rd7+ Kg6 31. R2d4 Ne5 32. Rb7 Rxc2+ 33. Kf1 Nxf3 34. Rf4 Rd8 35. Nf8+ Kh5 36. Rh7+ Kg5 37. Nxe6+ Kg6 38. Rg7+ Kh6 39. Rf6+ Kh5 40. Nf4# 1-0

[Event "Budapest FS08 Elo-B"]
[Site "Budapest"]
[Date "2000.08.12"]
[Round "8"]
[White "Leclair, Marie"]
[Black "Szilardfy, Gyula"]
[Result "1-0"]
[WhiteElo "2050"]
[BlackElo "2119"]
[PlyCount "113"]
[EventDate "2000.08.05"]
[EventType "tourn"]
[EventRounds "10"]
[EventCountry "HUN"]
[SourceTitle "CBM 077 Extra"]
[Source "ChessBase"]
[SourceDate "2000.09.14"]
[SourceVersion "1"]
[SourceVersionDate "2000.09.14"]
[SourceQuality "1"]

1. e4 c5 2. Nf3 Nc6 3. d4 cxd4 4. Nxd4 Nf6 5. Nc3 d6 6. Be2 e6 7. Be3 Be7 8. 0-0 0-0 9. f4 a6 10. Qe1 Qc7 11. Qg3 Nxd4 12. Bxd4 b5 13. e5 dxe5 14. fxe5 Nd7 15. Ne4 Bb7 16. Nd6 Rad8 17. Bd3 Nc5 18. Rac1 f5 19. Be3 Rxd6 20. exd6 Bxd6 21. Qh3 g6 22. Kh1 f4 23. Bxc5 Qxc5 24. Qxe6+ Kg7 25. Qg4 Rf6 26. Rce1 h5 27. Qd7+ Rf7 28. Qe6 Rf6 29. Qd7+ Rf7 30. Qe6 Qg5 31. Qh3 Bc7 32. Re6 Bc8 33. Rxg6+ Qxg6 34. Bxg6 Bxh3 35. Bxf7 Bg4 36. Bd5 Kg6 37. c3 Kg5 38. Bb7 a5 39. Bc6 b4 40. cxb4 axb4 41. a3 b3 42. Bd5 Be5 43. Bxb3 Bxb2 44. a4 Bd4 45. Bd1 Bc8 46. Be2 h4 47. Rd1 Be3 48. h3 Kf6 49. a5 Ke7 50. a6 Be6 51. Ra1 Ba7 52. Ra4 Kf6 53. Rxf4+ Kg5 54. Rb4 Bc8 55. Re4 Bf2 56. Re7 Bf5 57. a7 1-0

[Event "Budapest FS08 Elo-B"]
[Site "Budapest"]
[Date "2000.08.11"]
[Round "7"]
[White "Hohl, Matthias"]
[Black "Leclair, Marie"]
[Result "1-0"]
[WhiteElo "2042"]
[BlackElo "2050"]
[PlyCount "80"]
[EventDate "2000.08.05"]
[EventType "tourn"]
[EventRounds "10"]
[EventCountry "HUN"]
[SourceTitle "CBM 077 Extra"]
[Source "ChessBase"]
[SourceDate "2000.09.14"]
[SourceVersion "1"]
[SourceVersionDate "2000.09.14"]
[SourceQuality "1"]

1. e4 c5 2. Nf3 Nc6 3. d4 cxd4 4. Nxd4 Nf6 5. Nc3 d6 6. Bg5 e6 7. Qd2 a6 8. 0-0-0 h6 9. Be3 Be7 10. f3 Qc7 11. Kb1 Bd7 12. Nxc6 Bxc6 13. h4 d5 14. exd5 Nxd5 15. Nxd5 Bxd5 16. Bd3 Bf6 17. Qb4 Rc8 18. Bb6 Qc6 19. Rhe1 Be7 20. Qd4 0-0 21. h5 Qd6 22. a3 Rc6 23. Ba7 Qc7 24. c4 Bf6 25. Qe3 Bxc4 26. Be4 Bd5 27. Bxd5 exd5 28. Bd4 Bxd4 29. Qxd4 Rd8 30. Rc1 Qd7 31. g4 Rdc8 32. Rcd1 Qd6 33. Qxd5 Qxd5 34. Rxd5 R6c7 35. f4 Kf8 36. g5 hxg5 37. fxg5 Kg8 38. g6 fxg6 39. hxg6 Rf8 40. Rh5 Rd8 1-0

[Event "Budapest FS08 Elo-B"]
[Site "Budapest"]
[Date "2000.08.05"]
[Round "1"]
[White "Erdelyi, Zombor"]
[Black "Leclair, Marie"]
[Result "1-0"]
[WhiteElo "2207"]
[BlackElo "2050"]
[PlyCount "63"]
[EventDate "2000.08.05"]
[EventType "tourn"]
[EventRounds "10"]
[EventCountry "HUN"]
[SourceTitle "CBM 077 Extra"]
[Source "ChessBase"]
[SourceDate "2000.09.14"]
[SourceVersion "1"]
[SourceVersionDate "2000.09.14"]
[SourceQuality "1"]

1. e4 c5 2. Nf3 Nc6 3. d4 cxd4 4. Nxd4 Nf6 5. Nc3 d6 6. Bg5 e6 7. Qd2 a6 8. 0-0-0 h6 9. Bf4 Bd7 10. Nxc6 Bxc6 11. f3 e5 12. Be3 b5 13. Nd5 Nxd5 14. exd5 Bd7 15. f4 Be7 16. Re1 Bf5 17. Bd3 e4 18. Be2 Bf6 19. g4 Bd7 20. Bf3 0-0 21. Bxe4 Bxg4 22. f5 Qe7 23. Qg2 Rae8 24. Bf4 h5 25. h3 Bh4 26. hxg4 Bxe1 27. Rxe1 Qh4 28. Rg1 Qxg4 29. Qf2 Qxg1+ 30. Qxg1 Rxe4 31. f6 g6 32. Qg5 1-0